zpět

Detail výsledku týmu

Hells Bells Beer Pub, Praha

Datum a čas kvízu

32.5 Celkem bodů Celkový počet nahraných bodů na tomto kvízu bez doplňovacích otázek.
10. Pořadí na kvízu Konečné umístění týmu na tomto kvízu.

Zaznamenané odpovědi

# Otázka Odpověď Body Výsledky
1. Minulé úterý vyjel z Prahy jed... do Rumunska 1
2. Po tom rakouském se rozpadl da... Itálie 1
3. V beznadějně vyprodané O2 aren... Billie Eilish 1
4. Česká republika koupí za 14,5... Viper, Venom 0.5
5. Na startovní listině španělské... Zdeněk Štybar 1
6. S menšími či většími oslími mů... 2014 Soči 0
7. "Když končí se den a usne má z... Voda živá 0
8. V letech 2006 - 2009, tedy dob... Czech POINT 1
9. Jednou z nejzajímavějších a ne... Svitavy 0
10. František Langer byl český spi... jehly, Pištory 0.5